Statistics for Countries Closest to Nigeria - 15 Second Sprint

Click here to take the quiz!

General Stats

  • This quiz has been taken 18 times
    (12 since last reset)
  • The average score is 9 of 20

Answer Stats

kmcountrymiles% Correct
0Benin0
89%
169Ghana105
89%
101Togo63
89%
0Cameroon0
67%
0Chad0
67%
599Congo372
67%
805Democratic Republic
of the Congo
500
67%
0Niger0
56%
214Mali133
44%
129Burkina Faso80
33%
316Central African
Republic
196
33%
418Gabon260
33%
600Algeria373
22%
1110Angola690
22%
1084Libya673
22%
299São Tomé
and Príncipe
186
22%
572Côte d'Ivoire355
11%
95Equatorial Guinea59
11%
1043Mauritania648
11%
779Sudan484
11%

Score Distribution

Percentile by Number Answered

Percent of People with Each Score

Your Score History

You have not taken this quiz since the last reset